Libro de ejercicios: Matemática 2 Educación Media
Сохранить в:
| Главный автор: | |
|---|---|
| Формат: | |
| Язык: | испанский |
| Опубликовано: |
Santiago
Santillana del Pacífico
2005
|
| Предметы: | |
| Метки: |
Добавить метку
Нет меток, Требуется 1-ая метка записи!
|
MARC
| LEADER | 00000nam a2200000 a 4500 | ||
|---|---|---|---|
| 001 | UCG1367 | ||
| 003 | CL-VaPUC | ||
| 008 | 100429e20050000CL |||||||||||||||||spa|d | ||
| 020 | |a 9561510731 | ||
| 082 | 0 | 4 | |a 510.712 |b ROJ |2 21 |
| 100 | 0 | |a Rojas Leiva, Manuel José |e author |9 549296 | |
| 245 | 1 | 0 | |a Libro de ejercicios: Matemática 2 Educación Media |
| 300 | |a 84 p | ||
| 942 | |c BK | ||
| 945 | |d 20100429 00:00:00 |a dcastane | ||
| 260 | |a Santiago |b Santillana del Pacífico |c 2005 | ||
| 650 | 0 | |a Matemáticas |x Enseñanza |9 875527 | |
| 650 | 0 | |a Ejercicios |9 269807 | |
| 650 | 7 | |a TESTS |2 CL-VaPUC |9 309359 | |
| 650 | 0 | |a Libros de texto |9 270019 | |
| 583 | |a last modification |c 20100429 00:00:00 |k Rodrigo Vera | ||
| 999 | |c 340771 |d 340769 | ||